000 00544nam a22001817a 4500
999 _c190687
_d190687
005 20220802163541.0
010 _aENG-134177
020 _a9788184464126
_c100.00
035 _aEN-117709
037 _bDBAD/PUB
082 _a650.144
100 _aKanagaraj, P.
245 _aAchieving Success in IAS Interview:
_bA Primer For Aspirants/
_cP. Kanagaraj
260 _aCoimbatore
_bVijaya Pathippagam
_c2011
270 _a20, Raja Street
_bCoimbatore
_e641001
300 _a184p.
_c21cm(pbk)
942 _2ddc
_cEN
_h650.144
_mKAN